000 01142nab a22002417a 4500
999 _c5865
_d5865
003 OSt
005 20260109001304.0
008 190514b xxu||||| |||| 00| 0 spa d
040 _cPJ
100 _95823
_aLaffitte, Sofía
245 1 0 _aGestación por sustitución:
_bturismo reproductivo e interés superior del niño /
_cSofía Laffitte.
300 _ap. 9-12
505 _aSumario: I. Introducción.— II. Contextualización.— III. Caso en marras.— IV. Fundamentos del fallo.— V. Palabras finales.
505 _tFallo comentado: CNCiv., sala B, 19/03/2025. - V. E. B., W. G. L. E. y otros s/ medidas precautorias.
505 _tSi te interesa el texto, comunicate a koha@justierradelfuego.gov.ar
650 0 _91497
_aCODIGO CIVIL Y COMERCIAL
650 0 _9967
_aDERECHO DE FAMILIA
650 0 _94292
_aTÉCNICAS DE REPRODUCCIÓN HUMANA ASISTIDA
650 0 _94486
_aGESTACION POR SUSTITUCION
650 0 _94097
_aINTERES SUPERIOR DEL NIÑO
773 0 _02844
_93222
_dBuenos Aires : AbeledoPerrot, 1989-
_tDerecho de familia. Revista Interdisciplinaria de doctrina y jurisprudencia. Agosto 2025-IV
_z18511201
942 _2udc
_cANA